Fi de partida / Samuel Beckett ; traducció de Lluís Solà ; pròleg de J. Sanchis Sinisterra
Descripción Física:
85 p. ; 18 cm
Colección:
Biblioteca teatral ; 70
MARC
| LEADER | 00000nam a2200000Ia 4500 | ||
|---|---|---|---|
| 001 | 8917 | ||
| 008 | 160829s1990 xx 000 0 cat d | ||
| 080 | |a L-1-255 | ||
| 100 | |a Beckett, Samuel |9 30741 | ||
| 245 | |a Fi de partida / Samuel Beckett ; traducció de Lluís Solà ; pròleg de J. Sanchis Sinisterra | ||
| 260 | |a Barcelona : |b Institut del Teatre de la Diputació de Barcelona, |c 1990 | ||
| 300 | |a 85 p. ; |c 18 cm | ||
| 490 | |a Biblioteca teatral ; 70 | ||
| 700 | |a Solà i Sala, Lluís, tr. |9 30742 |e traductor | ||
| 700 | |a Sanchis Sinisterra, José, |d 1940- |e escriptor d'un pròleg |9 35241 | ||
| 710 | 1 | |a Institut del Teatre (Barcelona, Catalunya) |9 52662 |e entitat editora | |
| 901 | |a Arxiu | ||
| 942 | |n 1 |2 udc | ||
| 952 | |0 0 |1 0 |4 0 |6 L1255 |7 1 |9 45504 |a Arxiu |b Arxiu |d 2016-12-01 |l 0 |o L-1-255 |p 8917 |r 2016-12-01 00:00:00 |w 2016-12-01 |y ARXIU | ||
| 999 | |c 48669 |d 48669 | ||